Quizz culture générale 3 - Statistiques

Statistiques générales
  • Ce quiz a été pris 328 fois
  • Le résultat moyen est 4 sur 11
Statistiques - réponses
Hint Réponse % Correct
Il peut être Pasteur, Lumière ou Braille? Louis
70%
Quelle course mondialement connue a fait sa première édition le 1er juillet 1903 ? Le Tour de France
62%
Quel est le nom des régions en Suisse ? Les cantons
56%
Quelle est la capitale du Népal ? Katmandou
50%
Quel nom, mal vu par les italiens, donne-t-on aux westerns italiens ? Western spaghetti
46%
En Formule 1, quel drapeau signifie un danger et une interdiction de dépasser ? Drapeau Jaune
35%
Quel mot vient du grec ancien et signifie amour du savoir ou amour de la sagesse ? Philosophie
29%
Qui est le créateur de la Petite Sirène ? Hans Christian Andersen
24%
Comment se nomme la découpe de légumes en très petits cubes ? Brunoise
23%
Quelle est la préfecture de la Seine Saint-Denis (93) ? Bobigny
18%
Quel est le plus grand golfe du monde ? Golfe du Bengale
2%
Aucun quiz correspondant
Distribution des résultats
% des personnes avec chaque résultat
Percentile par nombre de réponses
Votre historique - résultats
Vous n’avez pas pris ce quiz